header

Sex, hormones, and behaviour (Record no. 78133)

MARC details
000 -LEADER
fixed length control field 01755nam a2200421 a 4500
082 04 - DEWEY DECIMAL CLASSIFICATION NUMBER
Classification number 612.6
245 10 - TITLE STATEMENT
Title Sex, hormones, and behaviour
260 ## - PUBLICATION, DISTRIBUTION, ETC. (IMPRINT)
Place of publication Amsterdam :
Name of publisher Excerpta Medica ;
Place of publication New York :
Name of publisher Elsevier/North-Holland,
Year of publication 1979.
300 ## - PHYSICAL DESCRIPTION
Number of Pages viii, 382 p. :
Other physical details ill.
490 1# - SERIES STATEMENT
Series statement Ciba Foundation symposium ;
500 ## - GENERAL NOTE
General note "Held at the Ciba Foundation, London, 14th-16th March 1978."
650 #0 - SUBJECT ADDED ENTRY--TOPICAL TERM
Topical Term Sex determination, Genetic
Topical Term Hormones, Sex
Topical Term Human behavior
Topical Term Sexual behavior in animals
700 1# - ADDED ENTRY--PERSONAL NAME
Personal name Porter, Ruth.
Personal name Whelan, Julie.
856 40 - ELECTRONIC LOCATION AND ACCESS
Uniform Resource Identifier http://site.ebrary.com/lib/rucke/Doc?id=10575473

No items available.

© 2026 Rongo University
Contact us: librarian | system librarian | Rongo university